Iconic Nu Metal Songs by Lyrics - Statistics

General Stats
  • This quiz has been taken 830 times
  • The average score is 8 of 15
Answer Stats
Lyrics Song title % Correct
Cut my life into piecesThis is my _________ Suffocation, no breathing Don't give a fuck if I cut my arm bleeding This is my _________ Last Resort
88%
Nothing wrong with meSomething’s got to give Let the ___ hit the floor Bodies
85%
Wake up (wake up)Grab a brush and put a little make-up… I don't think you trust In my self-righteous suicide I cry when angels deserve to die Chop Suey
85%
It’s just one of those days…I hope you know, I pack a chainsaw I'll skin your ass raw Break Stuff
77%
I’m feeling like a _____ __ ____ Something takes a part of meYou and I were mean to be Freak on a Leash
72%
Ladies and gentlemenIntroducing the Chocolate Starfish And the ______Flavored Water Bring it on… You wanna fuck me like an animal You like to burn me on the inside You like to think that I'm a perfect drug Just know that nothing you do Will bring you closer to me… If I say fuck two more times That's forty-six "fuck"s in this fucked up rhyme… Hot Dog
70%
And the rain will kill us allThrow ourselves against the wall But no one else can see The preservation of the martyr in me ________! Psychosocial
69%
Oh, ah, ah, ah, ahOh, ah, ah, ah, ah oh, oh, oh, oh, oh, oh… Get up, come on get _____ ___ __ _____ Get up, come on get _____ ___ __ _____ Get up, come on get _____ ___ __ _____ Open up your hate, and let it flow into me Down With The Sickness
57%
All Day I Dream About Sex Adidas/A.D.I.D.A.S
48%
____ __ ___ All you wanna do is drag me down All I wanna do is stamp you out Jump the fuck up! Spit it out
34%
I wanna slit your throat and fuck the woundWanna push my face in and feel the swoon Wanna dig inside, find a little bit of me… Noises, noises, people make noises People make noises when they're sick Nothing to do except hold on to nothing Disasterpiece
29%
[br br deng] [br br deng]___ Bury me Underneath Everything that I am Rearraging ___ Dig
26%
I feel the reason as it's leaving meNo, not again It's quite deceiving As I'm feeling the flesh ___ __ ___ (does it ___ __ ___?) Make Me Bad
17%
Steamroller rollin' through my head saidAttached to ___, power up coal Through the system out to the right said You're in my light Mi ___ mi ___ Loco
16%
___ ____ _ ___ …about disasters, floods and killer bees…about the NASA shuttle falling in the sea Oh it’s a dirty job but someone’s gotta do it… We care a lot
6%
No matching quizzes found
Score Distribution
Percent of People with Each Score
Percentile by Number Answered
Your Score History
You have not taken this quiz